01967nam a2200325Ia 4500001001200000003000800012006001900020007001500039008004100054040002100095035002000116050002200136245051700158246005100675260005700726300001500783500023400798504005201032533015201084650002701236650004901263650004901312650004401361655002901405700002301434700002401457710001701481856012601498999001701624ebr10038743CaPaEBRm u cr cn|||||||||030716s2003 dcu sb f000 0 eng d aCaPaEBRcCaPaEBR a(OCoLC)5281549314aLB43b.U53 2003eb00aUnderstanding others, educating ourselvesh[electronic resource] :bgetting more from international comparative studies in education /cCommittee on a Framework and Long-term Research Agenda for International Comparative Eduation Studies ; Colette Chabbott and Emerson J. Elliott, editors ; Board on International Comparative Studies in Education, Board on Testing and Assessment, Center for Education, Division of Behavioral and Social Sciences and Education, National Research Council of the National Academis.30aInternational comparative studies in education aWashington, D.C. :bNational Academies Press,c2003. axiv, 85 p. a"This study was supported by Contract/Grant No. REC-9815157 between the National Academy of Sciences and the National Science Foundation and the U.S. Department of Education, National Center for Education Statistics"--T.p. verso. aIncludes bibliographical references (p. 74-80). aElectronic reproduction.bPalo Alto, Calif. :cebrary,d2009.nAvailable via World Wide Web.nAccess may be limited to ebrary affiliated libraries. 0aComparative education. 0aEducationxResearchvCross-cultural studies. 0aCurriculum planningvCross-cultural studies. 0aEducational innovationszUnited States. 7aElectronic books.2local1 aChabbott, Colette.1 aElliott, Emerson J.2 aebrary, Inc.40uhttp://site.ebrary.com/lib/rucke/Doc?id=10038743zAn electronic book accessible through the World Wide Web; click to view c57063d57063